[Event "40th BAN National Women Chess-ch 2021"]
[Site "Dhaka"]
[Date "2022.01.07"]
[Round "10.3"]
[White "Nusrat Jahan, Alo"]
[Black "Israt, Jahan Diba"]
[Result "1/2-1/2"]
[WhiteElo "1766"]
[BlackElo "1630"]
[Annotator "NA RC"]
[PlyCount "153"]
[EventDate "2021.12.29"]
[EventCountry "BAN"]
[SourceTitle "playchess.com"]
[Source "ChessBase"]
[SourceQuality "1"]
[TimeControl "40/5400+30:1800+30"]

1. e4 {[%emt 0:00:04]} c5 {[%emt 0:00:13]} 2. Nf3 {[%emt 0:00:08]} d6 {[%emt 0:00:04]} 3. d3 {[%emt 0:00:07]} Nf6 {[%emt 0:00:07]} 4. g3 {[%emt 0:00:09]} g6 {[%emt 0:00:10]} 5. Bg2 {[%emt 0:00:08]} Bg7 {[%emt 0:00:06]} 6. O-O {[%emt 0:00:12]} O-O {[%emt 0:00:08]} 7. c3 {[%emt 0:00:18]} Nc6 {[%emt 0:04:21]} 8. Re1 {[%emt 1:33:24]} e5 {[%emt 1:29:21]} 9. Be3 {[%emt 0:00:30]} Ng4 {[%emt 0:00:00]} 10. Bg5 {[%emt 0:00:00]} Qb6 {[%emt 0:00:00]} 11. Qc2 {[%emt 0:00:00]} f6 {[%emt 0:00:00]} 12. Be3 {[%emt 0:00:00]} Nxe3 {[%emt 0:00:00]} 13. fxe3 {[%emt 0:00:00]} Bh6 {[%emt 0:00:00]} 14. Kh1 {[%emt 0:00:00]} Be6 {[%emt 0:00:00]} 15. Nbd2 {[%emt 0:03:00]} Ne7 {[%emt 0:00:00]} 16. d4 {[%emt 0:00:00]} Rac8 {[%emt 0:00:00]} 17. d5 {[%emt 0:00:00]} Bg4 {[%emt 0:00:00]} 18. c4 {[%emt 0:00:00]} f5 {[%emt 0:00:00]} 19. h3 {[%emt 0:00:00]} Bxf3 {[%emt 0:00:00]} 20. Bxf3 {[%emt 0:00:00]} fxe4 {[%emt 0:00:00]} 21. Bg4 {[%emt 0:00:00]} Nf5 {[%emt 0:00:00]} 22. Nxe4 {[%emt 0:00:00]} Nxe3 {[%emt 0:00:00]} 23. Be6+ {[%emt 0:00:00]} Kg7 {[%emt 0:00:00]} 24. Qc3 {[%emt 0:00:00]} Rce8 {[%emt 0:00:00]} 25. Rxe3 {[%emt 0:00:00]} Bxe3 {[%emt 0:00:00]} 26. Qxe3 {[%emt 0:00:00]} Qxb2 {[%emt 0:00:00]} 27. Re1 {[%emt 0:00:00]} Qb6 {[%emt 0:00:00]} 28. h4 {[%emt 0:00:00]} Qc7 {[%emt 0:10:00]} 29. h5 {[%emt 0:00:00]} gxh5 {[%emt 0:00:00]} 30. Qg5+ {[%emt 0:00:00]} Kh8 {[%emt 0:00:00]} 31. Qxh5 {[%emt 0:00:00]} Re7 {[%emt 0:00:00]} 32. Qh6 {[%emt 0:00:00]} Rg7 {[%emt 0:02:00]} 33. g4 {[%emt 0:00:59]} Qe7 {[%emt 0:00:00]} 34. Bf5 {[%emt 0:02:30]} a6 {[%emt 0:01:00]} 35. Rf1 {[%emt 0:01:56]} Rg6 {[%emt 0:00:00]} 36. Bxg6 {[%emt 0:02:13]} Rxf1+ {[%emt 0:00:00]} 37. Kg2 {[%emt 0:00:05]} Rf4 {[%emt 0:00:19]} 38. Bf5 {[%emt 0:00:16]} Qg7 {[%emt 0:00:39]} 39. Qe6 {[%emt 0:02:02]} b5 {[%emt 0:00:36]} 40. Nf6 {[%emt 0:00:00]} Qf8 {[%emt 0:00:00]} 41. Nxh7 {[%emt 0:01:50]} Qg8 {[%emt 0:06:18]} 42. Qf6+ {[%emt 0:11:25]} Qg7 {[%emt 0:00:02]} 43. Qd8+ {[%emt 0:01:24]} Qg8 {[%emt 0:00:03]} 44. Qh4 {[%emt 0:00:26]} Rxg4+ {[%emt 0:05:25]} 45. Qxg4 {[%emt 0:00:18]} Qxg4+ {[%emt 0:00:08]} 46. Bxg4 {[%emt 0:00:05]} Kxh7 {[%emt 0:00:05]} 47. cxb5 {[%emt 0:01:22]} axb5 {[%emt 0:00:02]} 48. Kf3 {[%emt 0:01:18]} b4 {[%emt 0:03:26]} 49. Bf5+ {[%emt 0:01:45]} Kg7 {[%emt 0:02:44]} 50. Bd3 {[%emt 0:00:38]} Kf6 {[%emt 0:00:41]} 51. Kg4 {[%emt 0:00:09]} e4 {[%emt 0:01:08]} 52. Bxe4 {[%emt 0:09:16]} Ke5 {[%emt 0:01:30]} 53. Kf3 {[%emt 0:03:46]} c4 {[%emt 0:01:54]} 54. Ke3 {[%emt 0:00:55]} b3 {[%emt 0:07:29]} 55. a4 {[%emt 0:00:14]} b2 {[%emt 0:00:19]} 56. a5 {[%emt 0:01:09]} b1=Q {[%emt 0:00:12]} 57. Bxb1 {[%emt 0:00:06]} Kxd5 {[%emt 0:00:17]} 58. Be4+ {[%emt 0:00:22]} Kc5 {[%emt 0:00:23]} 59. a6 {[%emt 0:00:40]} Kb6 {[%emt 0:00:07]} 60. Bb7 {[%emt 0:00:05]} d5 {[%emt 0:00:08]} 61. Kd4 {[%emt 0:00:53]} Ka7 {[%emt 0:00:19]} 62. Kc3 {[%emt 0:00:11]} Kb6 {[%emt 0:00:59]} 63. Kb4 {[%emt 0:01:07]} Ka7 {[%emt 0:01:01]} 64. Bc8 {[%emt 0:00:42]} Kb6 {[%emt 0:02:54]} 65. Bb7 {[%emt 0:01:49]} Ka7 {[%emt 0:00:08]} 66. Kc3 {[%emt 0:02:11]} Kb6 {[%emt 0:00:20]} 67. Bc8 {[%emt 0:00:36]} Ka7 {[%emt 0:00:42]} 68. Kd4 {[%emt 0:00:34]} Kb6 {[%emt 0:00:20]} 69. Kc3 {[%emt 0:00:56]} Ka7 {[%emt 0:00:42]} 70. Kb4 {[%emt 0:00:39]} Kb6 {[%emt 0:00:17]} 71. Ka4 {[%emt 0:00:06]} d4 {[%emt 0:00:49]} 72. Kb4 {[%emt 0:00:20]} c3 {[%emt 0:00:55]} 73. Kb3 {[%emt 0:00:16]} Ka7 {[%emt 0:00:11]} 74. Kc2 {[%emt 0:00:24]} Kb6 {[%emt 0:00:09]} 75. Kd3 {[%emt 0:00:33]} Ka7 {[%emt 0:00:11]} 76. Bf5 {[%emt 0:00:08]} Kxa6 {[%emt 0:00:10]} 77. Kxd4 {[%emt 0:00:05]} 1/2-1/2

[Event "40th BAN National Women Chess-ch 2021"]
[Site "Dhaka"]
[Date "2022.01.07"]
[Round "10.4"]
[White "Hamid, Rani"]
[Black "Sultana, Sharmin Shirin"]
[Result "0-1"]
[WhiteElo "1864"]
[BlackElo "1975"]
[Annotator "TA"]
[PlyCount "88"]
[EventDate "2021.12.29"]
[EventCountry "BAN"]
[SourceTitle "playchess.com"]
[Source "ChessBase"]
[SourceQuality "1"]

{[%evp 13,88,26,76,75,75,75,73,77,82,58,78,24,27,31,140,110,117,109,115,102,126,100,154,81,98,42,70,35,62,71,113,58,167,0,81,23,135,-13,58,45,106,79,153,126,180,0,0,0,0,0,0,-249,-40,-776,-768,-987,0,0,0,0,529,-731,0,-318,-322,-622,-612,-29983,-29984,-29991,-29992,-29992,-29993,-29995,-29994,-29994,-29995]} 1. e4 c5 2. Nf3 e6 3. d4 cxd4 4. Nxd4 a6 5. Bd3 Qc7 6. O-O Nf6 7. c4 g6 (7... Nc6 $11 8. Nxc6 dxc6) 8. Nc3 {B42: Sicilian: Kan Variation: 5 Bd3.} Bg7 9. Be3 {[%cal Oc4c5]} O-O 10. Rc1 {White is better.} b6 {[#]} 11. Kh1 $146 ({Predecessor:} 11. f4 d6 12. Be2 Bb7 13. Qd3 Nbd7 14. Bf3 Rac8 15. b4 Qxc4 16. Qb1 Qc7 17. Nd5 {0-1 (31) Bublik,F (1783)-Heydarli,K (2273) Marianske Lazne 2015}) 11... Bb7 12. f4 (12. f3 $16) 12... d6 $11 13. f5 e5 (13... Qe7 $14) 14. Nd5 Qd8 15. Nxf6+ (15. Nf3 {with more complications.} Nbd7 16. fxg6 hxg6 17. Ng5 Rc8 18. Qe1) 15... Bxf6 16. Ne2 Nd7 17. Nc3 $36 {[%mdl 2048] White is really pushing.} Rc8 (17... Bg5 $142 18. Qd2 Bxe3 19. Qxe3 Qh4) 18. b4 (18. Qd2 $142) 18... Bg5 $16 19. Bxg5 (19. Qd2 $16 Bxe3 20. Qxe3) 19... Qxg5 $14 20. Rf3 Kh8 21. Rc2 Kg8 ({Black should play} 21... Qd8) 22. Rcf2 (22. Qf1 $16) 22... b5 (22... Nf6 $1 $14) 23. f6 $2 (23. Bf1 $18) 23... h5 (23... Nb6 $11 {keeps the balance.}) 24. Be2 (24. Bf1 $16) 24... Rfd8 (24... bxc4 25. Qxd6 (25. Rg3 Qh6 $16) 25... Nb8 26. Rg3 $16) (24... Nb6 $1 $11) 25. Qxd6 {[#]} (25. cxb5 axb5 26. Rf1 (26. Bxb5 Nxf6 27. Qb3 Rxc3 $14) 26... Nxf6 $11) (25. Rg3 $1 $16 {[%cal Rg3g5]} Qh6 26. Qxd6 (26. cxb5 h4 $11)) 25... Nf8 (25... bxc4 26. Qe7 $16) (25... Nc5 $1 $11 26. Qb6 Nxe4 27. Nxe4 Bxe4) 26. Qb6 Ba8 (26... Rd7 $14) 27. Qxa6 {aiming for c5.} Ne6 ({Better is} 27... bxc4 28. Rf1 (28. Bxc4 Rc6 $14) 28... Qg4) 28. Rg3 $1 $16 (28. Qxb5 Nd4 29. Qb6 Rb8 $15) (28. Nxb5 Bxe4 29. Rg3 Qc1+ 30. Rf1 Qd2 $19) 28... Qh6 (28... Qd2 $16) 29. c5 $2 (29. Qxb5 h4 30. Rh3 Nd4 $11) (29. h4 $1 $18) 29... h4 $11 30. Rd3 Rxd3 31. Bxd3 Rd8 32. Bf1 $2 (32. Nxb5 Rxd3 33. Qxa8+ Kh7 $19) (32. Bxb5 $2 Qc1+ 33. Bf1 Qxc3 $19) (32. Nd5 $1 $11 h3 33. c6 (33. Qxb5 Bxd5 34. exd5 Qe3 $17) (33. Bxb5 $2 Qh4 $19) 33... Qc1+ 34. Bf1 (34. Rf1 $2 Qd2 $19)) 32... h3 $2 (32... Qe3 $1 $19 {[%cal Re3f2]} 33. Rf3 Qe1) 33. c6 $2 {[%mdl 8192]} (33. gxh3 $2 Qe3 34. Kg1 Qxc3 35. Qxb5 Bxe4 $19) (33. Qxb5 $15 hxg2+ 34. Rxg2) 33... Qe3 $19 (33... Qc1 34. Nd5 $14) 34. Rf3 Qe1 $2 (34... hxg2+ $19 35. Bxg2 Qe1+ 36. Rf1 Qxc3) 35. Qxb5 $11 (35. gxh3 $2 Rd3 $3 {[%mdl 512]} 36. Kg2 Rxf3 37. Kxf3 Bxc6 $1 {[%mdl 512]} 38. Qc8+ Kh7 39. Qxc6 Nd4+ 40. Kg2 Nxc6 $19) 35... hxg2+ 36. Kxg2 Bxc6 $2 {[%mdl 8192]} 37. Qc4 $4 {[%mdl 8192]} (37. Qxc6 $18 Qd2+ 38. Rf2) 37... Ba8 $2 (37... Rd2+ $19 38. Ne2 Nd4) 38. Ne2 $2 {[%mdl 8192]} (38. Kg1 $11 {and White is okay.}) 38... Ng5 $19 {[%cal Be6g5,Bg5e4,Be4d2,Bd2f3][%mdl 32]} ({Inferior is} 38... Qh4 39. Rg3 $19) 39. Qc3 $2 ({Don't go for} 39. Qc7 $2 {[#]} Bxe4 $1 40. Qxd8+ Kh7 $19) (39. Re3 Qh4 40. Kg1) 39... Qh4 40. Rg3 Nxe4 {[%mdl 64] Discovered Attack, Double Attack. Black mates.} 41. Rxg6+ fxg6 42. f7+ Kf8 43. Qe3 Nd2+ 44. Kg1 Nf3+ {Weighted Error Value: White=1.08/Black=0.80} 0-1

[Event "40th BAN National Women Chess-ch 2021"]
[Site "Dhaka"]
[Date "2022.01.07"]
[Round "10.5"]
[White "Ahmed, Walijah"]
[Black "Tasnia Tarannum, Orpa"]
[Result "1-0"]
[WhiteElo "1919"]
[BlackElo "1618"]
[Annotator "TA"]
[PlyCount "81"]
[EventDate "2021.12.29"]
[EventCountry "BAN"]
[SourceTitle "playchess.com"]
[Source "ChessBase"]
[SourceQuality "1"]

{[%evp 11,81,8,4,0,41,43,30,0,-16,-78,0,0,0,-24,19,9,142,148,195,187,177,189,197,147,155,156,160,128,151,161,172,152,152,160,153,97,141,137,161,158,196,178,196,196,310,206,377,241,520,201,631,112,252,164,149,116,143,28,150,0,181,0,439,395,555,472,581,529,29975,29976,29989,29989]} 1. e4 c5 2. Nf3 Nc6 3. d4 cxd4 4. Nxd4 Nf6 5. Nc3 e5 6. Nde2 Bb4 7. a3 {B33: Sicilian: Pelikan and Sveshnikov Variations.} Be7 (7... Bc5 $11) 8. Ng3 $14 d6 {[#]} 9. h3 $146 (9. Bc4 $142) ({Predecessor:} 9. Nd5 O-O 10. Be2 Be6 11. O-O Rc8 12. c3 Ne8 13. Be3 Bg5 14. Qd2 Bxe3 15. Nxe3 {1-0 (46) Bortoloso,M (2135)-Vieira,P (1809) Serra 2018}) 9... Be6 $11 10. Nd5 (10. Be2 $11) 10... Rc8 (10... Nxd5 $17 11. exd5 Qa5+ 12. c3 Qxd5 13. Qxd5 Bxd5) 11. c3 O-O 12. Be2 Re8 (12... Na5 $142) 13. O-O Bf8 (13... Na5 $11) 14. Bg5 $16 {aiming for Nh5. White is more active.} Bxd5 (14... Be7 $16) 15. exd5 $18 Nb8 16. Bb5 Nbd7 17. Bxf6 (17. Bxd7 $18 Qxd7 18. Bxf6) 17... Nxf6 $16 18. Bxe8 Qxe8 19. Qd3 {Prevents Qb5.} Rc5 20. c4 b5 21. b3 bxc4 22. bxc4 Qc8 23. Qd2 (23. Ne4 $142 Nxe4 24. Qxe4) 23... Qa6 (23... g6 $142) 24. Rfc1 g6 25. Qg5 Bg7 26. Rab1 {[%cal Og3e4] [#] Black must now prevent Ne4!} h6 27. Qe3 Ra5 (27... h5 $142 28. Rc3 Rc7 29. Rb8+ Kh7) 28. Rc3 (28. Rb8+ $6 Kh7 29. Rc3 Rc5 $18) 28... Nd7 $2 (28... Rc5 {was necessary.} 29. Ne4 Nxe4 30. Rb8+ (30. Qxe4 Bf6 $18) 30... Kh7 31. Qxe4 Rc7) 29. Qc1 Nc5 $2 (29... Qc8 {was called for.} 30. Ne4 Bf8) 30. Re3 $2 (30. Rb8+ Kh7 31. h4) 30... f5 $2 (30... Qc8 31. Ne4 Nxe4) 31. Nf1 $2 (31. Rb8+ $18 {and White stays clearly on top.} Kh7 32. h4) 31... e4 (31... Qc8 $16) 32. Nd2 {Threatens to win with g4.} Ra4 33. Rb8+ Kh7 34. Rb4 (34. h4 $16) 34... Ra5 (34... Bd4 $11 {keeps the balance.}) 35. Qb1 (35. h4 $16) 35... f4 $2 {[#]} (35... Rxa3 $11 36. Rxa3 Qxa3) 36. Rxe4 $2 ({Only move:} 36. Re1 $1 $18 e3 37. Ne4 (37. fxe3 Rxa3 38. Nf3 Ra1 $11) 37... Rxa3 38. Nxc5 dxc5 39. Rb7) 36... Nxe4 $4 {[%mdl 8192]} (36... Rxa3 $11 {and Black has nothing to worry.} 37. Nf1 (37. Rxf4 $2 Ra1 $19) 37... Ra1) 37. Qxe4 $18 Rxa3 (37... Qc8 $142 38. Qe7 (38. Qxf4 Rxa3 39. Qxd6 Ra1+ 40. Nf1 Rc1 $18) 38... Qf8 39. Qxf8 Bxf8 40. Rb7+ Bg7) 38. Rb8 Ra1+ 39. Kh2 Be5 40. Nf3 Bg7 41. Qe8 {Weighted Error Value: White=0.75/Black=0.94} 1-0

[Event "40th BAN National Women Chess-ch 2021"]
[Site "Dhaka"]
[Date "2022.01.07"]
[Round "10.6"]
[White "Kazi Zarin, Tasnim"]
[Black "Omnia Binta Yusuf, Lubaba"]
[Result "1-0"]
[WhiteElo "1829"]
[BlackElo "1439"]
[Annotator "NA RC"]
[PlyCount "85"]
[EventDate "2021.12.29"]
[EventCountry "BAN"]
[SourceTitle "playchess.com"]
[Source "ChessBase"]
[SourceQuality "1"]
[TimeControl "40/5400+30:1800+30"]

{[%evp 18,85,80,37,58,36,32767,32767,112,111,100,4,70,22,20,31,32,0,56,17,71,64,52,-31,164,175,163,54,224,133,206,162,200,137,210,128,251,295,225,281,296,219,284,212,268,255,527,327,360,375,688,669,659,726,902,1828,1252,1633,29966,5243,1279,1346,1508,2857,1100,6087,5800,29969,5791,6024]} 1. e4 {[%emt 0:00:04]} d5 {[%emt 0:00:09]} 2. exd5 {[%emt 0:00:26]} Qxd5 {[%emt 0:00:08]} 3. Nc3 {[%emt 0:00:05]} Qa5 {[%emt 0:00:06]} 4. Nf3 {[%emt 0:00:27]} Nf6 {[%emt 0:00:08]} 5. d4 {[%emt 0:00:08]} Bf5 {[%emt 0:00:35]} 6. Bc4 {[%emt 0:03:32]} c6 {[%emt 0:01:44]} 7. Ne5 {[%emt 0:00:38]} e6 {[%emt 0:01:18]} 8. g4 {[%emt 0:01:16]} Be4 {[%emt 0:02:03]} 9. O-O {[%emt 0:02:31]} Bd5 {[%emt 0:12:51]} 10. Nxd5 {[%emt 0:07:52]} ({White should try} 10. Bd3 $16) 10... cxd5 {[%emt 0:05:21]} 11. Bd3 {[%emt 0:06:27]} Bd6 {[%emt 0:04:56]} 12. f4 {[%emt 0:03:53]} Nfd7 {[%emt 0:02:00]} 13. Qe2 {[%emt 0:05:35]} Nc6 {[%emt 0:06:01]} 14. Bb5 {[%emt 0:14:39]} (14. c3 $16) 14... Qb6 {[%emt 0:12:19]} (14... a6 $1 $11 15. Bxc6 bxc6) 15. Nxd7 {[%emt 0:11:14]} ({White should try} 15. Be3 $16) 15... Kxd7 {[%emt 0:00:09]} 16. c3 {[%emt 0:01:41]} a6 {[%emt 0:04:00]} 17. Ba4 {[%emt 0:01:53]} Qc7 {[%emt 0:03:35]} (17... Kc7 $11) 18. f5 {[%emt 0:05:19]} (18. Be3 $14) 18... e5 {[%emt 0:01:57]} ({But not} 18... b5 19. Bc2 $16 (19. fxe6+ fxe6 20. Bc2 Rhf8 $16)) (18... Rae8 $14) 19. dxe5 {[%emt 0:00:49]} Bxe5 {[%emt 0:02:56]} 20. Rd1 {[%emt 0:02:53]} ({Better is} 20. Bb3 $16) 20... Rhe8 $2 {[%emt 0:04:09]} (20... Rae8 $1 $15 {stays ahead.} 21. Qf2 (21. Rxd5+ Kc8 $11) 21... Kc8) 21. Rxd5+ {[%emt 0:01:28]} Kc8 {[%emt 0:00:30]} 22. Qf2 {[%emt 0:04:29]} (22. Kg2 $18) 22... b5 $2 {[%emt 0:01:13] [#]} ({Better is} 22... Bxh2+ $1 $14 23. Kh1 (23. Qxh2 $2 Re1+ 24. Kf2 Qxh2+ $19) 23... Qg3 24. Qxg3 Bxg3) 23. Bb3 {[%emt 0:01:59]} (23. Bd1 $1 $18 {and the rest is easy.}) 23... Kb7 {[%emt 0:03:52]} (23... Bxh2+ $142 24. Kh1 (24. Qxh2 $2 Re1+ 25. Kf2 Qxh2+ $19) 24... Qg3 25. Qxg3 Bxg3) 24. Bg5 {[%emt 0:02:31]} f6 {[%emt 0:02:54]} 25. Rad1 {[%emt 0:01:52]} Re7 {[%emt 0:06:39]} (25... fxg5 $2 26. Rd7) (25... Rad8 $16) 26. Be3 {[%emt 0:02:19]} Bxh2+ {[%emt 0:02:30]} (26... Rae8 $16 {is a better defense.} 27. R5d3 (27. Bc5 Bxh2+ 28. Kh1 Re2 $16) 27... Bxh2+ 28. Kh1 Ne5) 27. Qxh2 {[%emt 0:03:05]} Qxh2+ {[%emt 0:00:18]} 28. Kxh2 {[%emt 0:00:00]} Rxe3 {[%emt 0:00:19]} 29. Rd7+ {[%emt 0:00:09]} Kb6 {[%emt 0:00:17]} 30. Rxg7 {[%emt 0:07:08]} Rh8 {[%emt 0:05:02]} 31. Rd6 {[%emt 0:01:30]} h5 $2 {[%emt 0:00:47]} (31... Kc5 32. Rxf6 Rd8) 32. Rxf6 {[%emt 0:02:30]} hxg4+ {[%emt 0:00:32]} 33. Kg2 {[%emt 0:01:36]} Rd8 $2 {[%emt 0:02:51] [#]} (33... Rc8 34. Rxg4 Kc5) 34. Rgg6 $1 {[%emt 0:01:18]} Rd2+ {[%emt 0:00:26]} 35. Kf1 {[%emt 0:00:03]} g3 {[%emt 0:04:45]} 36. Rxc6+ {[%emt 0:00:09]} Kb7 {[%emt 0:00:37]} 37. Rce6 {[%emt 0:02:21]} g2+ {[%emt 0:07:46]} 38. Rxg2 {[%emt 0:00:14]} Rf3+ {[%emt 0:00:44]} 39. Ke1 {[%emt 0:01:34]} Rxg2 {[%emt 0:00:53]} 40. Bd5+ {[%emt 0:00:00]} Kc7 {[%emt 0:00:00]} 41. Bxf3 {[%emt 0:00:05]} Rg5 {[%emt 0:01:53]} 42. f6 {[%emt 0:02:33]} Kd7 $18 {[%emt 0:02:21]} 43. Rxa6 {[%emt 0:00:14]} 1-0